Counter-Strike PGL Major Krakow 2017 Players - Statistics

General Stats
  • This quiz has been taken 3 times
  • The average score is 31 of 80
Answer Stats
Team Country Player % Correct
FaZe Denmark karrigan
100%
FaZe Bosnia & Herzegovina NiKo
100%
SK Brazil TACO
100%
Gambit Kazakhstan AdreN
50%
FaZe Finland allu
50%
G2 France apEX
50%
Cloud9 United States autimatic
50%
FlipSid3 Ukraine B1ad3
50%
G2 France bodyy
50%
Immortals Brazil boltz
50%
Virtus.pro Poland byali
50%
Vega Squadron Russia chopper
50%
MOUZ Netherlands chrisJ
50%
SK Brazil coldzera
50%
fnatic Sweden dennis
50%
Astralis Denmark device
50%
Gambit Russia Dosia
50%
Astralis Denmark dupreeh
50%
Natus Vincere Ukraine Edward
50%
FlipSid3 Russia electroNic
50%
SK Brazil FalleN
50%
SK Brazil felps
50%
SK Brazil fer
50%
Natus Vincere Russia flamie
50%
fnatic Sweden flusha
50%
Astralis Denmark gla1ve
50%
Natus Vincere Slovakia GuardiaN
50%
Immortals Brazil HEN1
50%
fnatic Sweden JW
50%
G2 France kennyS
50%
FaZe France kioShiMa
50%
Astralis Denmark Kjaerbye
50%
fnatic Sweden KRIMZ
50%
Immortals Brazil LUCAS1
50%
North Denmark Magisk
50%
FlipSid3 Ukraine markeloff
50%
Vega Squadron Russia mir
50%
Gambit Kazakhstan mou
50%
G2 France NBK-
50%
Virtus.pro Poland NEO
50%
fnatic Sweden olofmeister
50%
MOUZ Czech Republic oskar
50%
Virtus.pro Poland pashaBiceps
50%
FaZe Norway rain
50%
MOUZ Estonia ropz
50%
Natus Vincere Ukraine s1mple
50%
Natus Vincere Russia seized
50%
G2 France shox
50%
Cloud9 Canada shroud
50%
Cloud9 United States Skadoodle
50%
Virtus.pro Poland Snax
50%
Cloud9 United States Stewie2K
50%
PENTA FInland suNny
50%
BIG Germany tabseN
50%
Virtus.pro Poland TaZ
50%
Flipsid3 Russia WorldEdit
50%
Astralis Denmark Xyp9x
50%
Gambit Ukraine Zeus
50%
North Denmark aizy
0%
North Denmark cajunb
0%
MOUZ Germany denis
0%
BIG Germany gob b
0%
Gambit Kazakhstan HObbit
0%
PENTA Estonia HS
0%
Vega Squadron Russia hutji
0%
PENTA Poland innocent
0%
Vega Squadron Ukraine jR
0%
North Denmark k0nfig
0%
BIG Germany keev
0%
Vega Squadron Russia keshandr
0%
Immortals Brazil kNgV-
0%
PENTA Germany kRYSTAL
0%
BIG Germany LEGIJA
0%
MOUZ Spain loWel
0%
North Denmark MSL
0%
Cloud9 United States n0thing
0%
BIG Germany nex
0%
Immortals Brazil steel
0%
FlipSid3 Russia wayLander
0%
PENTA Finland zehN
0%
No matching quizzes found
Score Distribution
Percent of People with Each Score
Percentile by Number Answered
Your Score History
You have not taken this quiz